00389pab a2200121 454500008004000000100002100040245013000061260000900191300001500200362000800215650002700223773001700250180718b2012 xxu||||| |||| 00| 0 eng d aJackson, Terence aPost colonialism and organizational knowledge in the wake of China's presence in Africa: Interrogating south - south relation c2012 ap.181-204. aMar aOrganizational culture aOrganization